|
|
|
|
| LEADER |
01038nam a2200253 a 4500 |
| 001 |
GR-Antirio1141 |
| 008 |
150304s1998 nyu g b 001 0 eng d |
| 020 |
|
|
|a 0521588170
|
| 040 |
|
|
|a GrPaTEI
|b gre
|c GR-PaULI
|
| 040 |
|
|
|a GrPaTEI
|b gre
|c GR-PaULI
|
| 082 |
|
0 |
|a 621.382
|2 21
|
| 100 |
1 |
|
|a Hoff, Philip
|
| 245 |
1 |
0 |
|a Consumer electronics for engineers /
|c Philip Hoff.
|
| 260 |
|
|
|a New York :
|b Cambridge University Press,
|c 1998
|
| 300 |
|
|
|a xviii, 555 σ. :
|b εικ.
|
| 504 |
|
|
|a Περιλαμβάνει βιβλιογραφίες και ευρετήριο.
|
| 650 |
|
0 |
|a Electronic circuits
|
| 650 |
|
0 |
|a Household electronics
|
| 650 |
|
4 |
|a Ηλεκτρονικά κυκλώματα
|
| 710 |
0 |
|
|a Cambridge Univertity Press
|
| 942 |
|
|
|2 ddc
|
| 952 |
|
|
|0 0
|1 0
|2 ddc
|4 0
|6 621_382000000000000_HOL
|7 0
|9 263036
|a LISK-2
|b LISK-2
|c BSC
|d 2021-01-17
|e 24
|f 0
|g 0.00
|l 0
|o 621.382 HOL
|p 2430000008739
|r 2021-01-17 00:00:00
|t 1
|w 2021-01-17
|y BK15
|x 20150304 0 ΧΑΣΑΝΗ 1
|x GrPaTEI - Antirrio
|
| 971 |
|
|
|a .b25709409
|b 15-04-20
|c 12-09-16
|
| 999 |
|
|
|c 151467
|d 151467
|